INTERNATIONAL migration in and from Africa : dimensions, challenges and prospects

Saved in:
Bibliografiske detaljer
Hovedforfatter: edited by Adepoju, Aderanti Hammar, Tomas
Format: Bog
Sprog:engelsk
Udgivet: Population, Human Resources and Development in Africa (PHRDA) 1996
Tags: Tilføj Tag
Ingen Tags, Vær først til at tagge denne postø!

MARC

LEADER 00000nam a22000007a 4500
008 201216b ||||| |||| 00| 0 eng d
020 |a 0850-556X 
100 |a edited by Adepoju, Aderanti   |a Hammar, Tomas  
245 |a INTERNATIONAL migration in and from Africa  |b : dimensions, challenges and prospects  |c Aderanti Adepoju and Tomas Hammar  |g 198p.; ill. 
250 |c Aderanti Adepoju and Tomas Hammar 
260 |b Population, Human Resources and Development in Africa (PHRDA)  |c 1996  |h Dakar, Senegal  |i 302734  |l JV8790 .In8  |m Africa – Emigration and immigration. 
500 |a It includes bibliographical references 
942 |a lcc  |c BK  |e Kuteyi, M. A  |f 15/12/2020 
952 |0 0  |1 0  |2 lcc  |4 0  |6 JV8790 I N8  |7 0  |9 605  |a HOL  |b HOL  |c GJ  |d 2020-12-16  |l 0  |o JV8790 .In8  |p 2020-22924  |r 2020-12-16 00:00:00  |w 2020-12-16  |y BK 
999 |c 340  |d 340